| 000 | 00000nam##2200000za#4500 |
| 001 | 9.643448 |
| 003 | CaOODSP |
| 005 | 20220901164806 |
| 007 | cr ||||||||||| |
| 008 | 150407|2014||||xxc|||||o f|0| 0 fre|d |
| 020 | |a978-0-660-22358-2 |
| 040 | |aCaOODSP|bfre |
| 043 | |an-cn--- |
| 086 | 1 |aJ4-36/2014F-PDF |
| 110 | 1 |aCanada.|bJustice Canada. |
| 245 | 10|aÉtude sur le déménagement des parents après le divorce ou la séparation / |h[ressource électronique]|cpréparée par: Nicholas Bala, Lorne D. Bertrand, Andrea Wheeler, Joanne J. Paetsch, and Erin Holder. |
| 260 | |aOttawa - Ontario : |bJustice Canada |cc2014. |
| 300 | |a93p.|bgraphiques, références, tableaux |
| 590 | |a15-04|b2015-01-23 |
| 691 | 07|aFamille monoparentale|2gcpds |
| 775 | 08|tA study of post-separation/divorce parental relocation / |w(CaOODSP)9.699481 |
| 856 | 40|ahttp://publications.gc.ca|qPDF|s651 Ko|uhttps://publications.gc.ca/collections/collection_2015/jus/J4-36-2014-fra.pdf |